Catholic University of Zimbabwe Library
Online Public Access Catalogue
(OPAC)

Structures of Influence (Record no. 26772)

MARC details
000 -LEADER
fixed length control field 02554cam a22005654a 4500
001 - CONTROL NUMBER
control field muse86586
003 - CONTROL NUMBER IDENTIFIER
control field MdBmJHUP
005 - DATE AND TIME OF LATEST TRANSACTION
control field 20210127151721.0
006 - FIXED-LENGTH DATA ELEMENTS--ADDITIONAL MATERIAL CHARACTERISTICS
fixed length control field m o d
007 - PHYSICAL DESCRIPTION FIXED FIELD--GENERAL INFORMATION
fixed length control field cr||||||||nn|n
008 - FIXED-LENGTH DATA ELEMENTS--GENERAL INFORMATION
fixed length control field 200531r20201981ncu o 00 0 eng d
020 ## - INTERNATIONAL STANDARD BOOK NUMBER
International Standard Book Number 9781469657141
020 ## - INTERNATIONAL STANDARD BOOK NUMBER
Canceled/invalid ISBN 1469657147
020 ## - INTERNATIONAL STANDARD BOOK NUMBER
Canceled/invalid ISBN 9781469657134
035 ## - SYSTEM CONTROL NUMBER
System control number (OCoLC)1157943633
040 ## - CATALOGING SOURCE
Original cataloging agency MdBmJHUP
Transcribing agency MdBmJHUP
043 ## - GEOGRAPHIC AREA CODE
Geographic area code ev-----
050 #4 - LIBRARY OF CONGRESS CALL NUMBER
Classification number PT9816
Item number .S73 1981
082 0# - DEWEY DECIMAL CLASSIFICATION NUMBER
Classification number 839.7/26
Edition number 19
245 00 - TITLE STATEMENT
Title Structures of Influence
Remainder of title A Comparative Approach to August Strindberg /
Statement of responsibility, etc. edited by Marilyn Johns Blackwell.
264 #1 - PRODUCTION, PUBLICATION, DISTRIBUTION, MANUFACTURE, AND COPYRIGHT NOTICE
Name of producer, publisher, distributor, manufacturer Project Muse,
264 #3 - PRODUCTION, PUBLICATION, DISTRIBUTION, MANUFACTURE, AND COPYRIGHT NOTICE
Name of producer, publisher, distributor, manufacturer Project MUSE,
300 ## - PHYSICAL DESCRIPTION
Extent 1 online resource (1 EPUB unpaged.)
490 0# - SERIES STATEMENT
Series statement UNC studies in the Germanic languages and literatures ;
Volume/sequential designation number 98
500 ## - GENERAL NOTE
General note Festschrift in honor of Walter Gilbert Johnson.
500 ## - GENERAL NOTE
General note Issued as part of book collections on Project MUSE.
504 ## - BIBLIOGRAPHY, ETC. NOTE
Bibliography, etc. note Includes bibliographical references and index.
506 0# - RESTRICTIONS ON ACCESS NOTE
Terms governing access Open Access
Standardized terminology for access restriction Unrestricted online access
Source of term star
520 ## - SUMMARY, ETC.
Summary, etc. This collection of essays featuring contributions from eminent Swedish and American Strindberg scholars addresses the question of how Strindberg's art collides and colludes, ideologically and aesthetically, with the literary doyens of the nineteenth and twentieth centuries in both the Scandinavian and the larger Western cultural context.
588 ## - SOURCE OF DESCRIPTION NOTE
Source of description note Description based on print version record.
600 11 - SUBJECT ADDED ENTRY--PERSONAL NAME
Personal name Johnson, Walter Gilbert,
Dates associated with a name 1905-1983.
600 11 - SUBJECT ADDED ENTRY--PERSONAL NAME
Personal name Strindberg, August,
Dates associated with a name 1849-1912
General subdivision Influence.
650 #0 - SUBJECT ADDED ENTRY--TOPICAL TERM
Topical term or geographic name entry element Literature, Modern
Chronological subdivision 20th century
General subdivision History and criticism.
650 #0 - SUBJECT ADDED ENTRY--TOPICAL TERM
Topical term or geographic name entry element Scandinavian literature
Chronological subdivision 20th century
General subdivision History and criticism.
655 #0 - INDEX TERM--GENRE/FORM
Genre/form data or focus term Electronic books.
655 #0 - INDEX TERM--GENRE/FORM
Genre/form data or focus term Festschriften.
Source of term lcgft
655 #7 - INDEX TERM--GENRE/FORM
Genre/form data or focus term Electronic books.
Source of term local
700 1# - ADDED ENTRY--PERSONAL NAME
Personal name Blackwell, Marilyn Johns,
Relator term editor.
700 1# - ADDED ENTRY--PERSONAL NAME
Personal name Johnson, Walter Gilbert,
Dates associated with a name 1905-1983,
Relator term honoree.
710 2# - ADDED ENTRY--CORPORATE NAME
Corporate name or jurisdiction name as entry element Project Muse,
Relator term distributor.
776 18 - ADDITIONAL PHYSICAL FORM ENTRY
Relationship information Print version:
Record control number (DLC) 80029545
International Standard Book Number 9781469657134
-- 1469657139
710 2# - ADDED ENTRY--CORPORATE NAME
Corporate name or jurisdiction name as entry element Project Muse.
Relator term distributor
830 #0 - SERIES ADDED ENTRY--UNIFORM TITLE
Uniform title University of North Carolina studies in the Germanic languages and literatures ;
Volume/sequential designation no. 98.
830 #0 - SERIES ADDED ENTRY--UNIFORM TITLE
Uniform title Book collections on Project MUSE.
856 40 - ELECTRONIC LOCATION AND ACCESS
Public note Full text available:
Uniform Resource Identifier <a href="https://muse.jhu.edu/book/75722/">https://muse.jhu.edu/book/75722/</a>
Holdings
Withdrawn status Lost status Source of classification or shelving scheme Damaged status Not for loan Home library Current library Shelving location Date acquired Total Checkouts Full call number Date last seen Uniform Resource Identifier Price effective from Koha item type
          Digital Library Digital Library Online Access 27.01.2021   PT9816 .S73 1981 27.01.2021 https://muse.jhu.edu/book/75722/ 27.01.2021 eBook

OPENING HOURS

Weekdays: 0815hrs - 1800hrs
Weekends:0900hrs - 1200hrs

Closed for Mass:

Mon, Thur: 1200hrs - 1300hrs
Sunday & Public Holiday’s

CALL SUPPORT

0242-570570, 0242-570169
09200664, +263 8644140602

LOCATION

18443, Cranborne Avenue, Hatfield, Harare

Other Links


©2021 | CUZ Library